Problemas económicos y financieros del estado intervencionista / (Registro nro. 5522)

Detalles MARC
000 -LEADER
fixed length control field 01137nam a2200289Ia 4500
003 - CONTROL NUMBER IDENTIFIER
control field OSt
005 - DATE AND TIME OF LATEST TRANSACTION
control field 20200616145924.0
008 - FIXED-LENGTH DATA ELEMENTS--GENERAL INFORMATION
fixed length control field 191128s1963 sp gr 000|0 spa d
040 ## - CATALOGING SOURCE
Original cataloging agency CO-JMCR
Transcribing agency CO-JMCR
041 1# - LANGUAGE CODE
Language code of text/sound track or separate title spa
Language code of original nds
082 04 - DEWEY DECIMAL CLASSIFICATION NUMBER
Classification number 330 .126 /
Item number N285p
Edition number 23
100 1# - MAIN ENTRY--PERSONAL NAME
Personal name Neumark, Fritz,
Relator term autor
9 (RLIN) 5638
245 10 - TITLE STATEMENT
Title Problemas económicos y financieros del estado intervencionista /
Statement of responsibility, etc. Fritz Neumark ; traducción de José María Martín Oviedo
260 ## - PUBLICATION, DISTRIBUTION, ETC.
Place of publication, distribution, etc. Madrid :
Name of publisher, distributor, etc. Editorial de Derecho Financiero,
Date of publication, distribution, etc. 1963.
300 ## - PHYSICAL DESCRIPTION
Extent xiv, 476 páginas ;
Dimensions 25 cm.
490 0# - SERIES STATEMENT
Series statement Tratados de derecho financiero y de hacienda pública. Serie ;
Volume/sequential designation 4
500 ## - GENERAL NOTE
General note Incluye índice de materias páginas 475-476.
505 0# - FORMATTED CONTENTS NOTE
Formatted contents note Cuestiones económicas -- Cuestiones financieras
534 ## - ORIGINAL VERSION NOTE
Introductory phrase Wirtschaft und finazprobleme des interventionsstates
546 ## - LANGUAGE NOTE
Language note Traducido del alemán
650 14 - SUBJECT ADDED ENTRY--TOPICAL TERM
Topical term or geographic name entry element Intervención del estado
9 (RLIN) 3525
650 24 - SUBJECT ADDED ENTRY--TOPICAL TERM
Topical term or geographic name entry element Política fiscal
9 (RLIN) 5639
650 24 - SUBJECT ADDED ENTRY--TOPICAL TERM
Topical term or geographic name entry element Transporte y estado
9 (RLIN) 5640
650 24 - SUBJECT ADDED ENTRY--TOPICAL TERM
Topical term or geographic name entry element Economía
General subdivision Hacienda pública
9 (RLIN) 5641
700 1# - ADDED ENTRY--PERSONAL NAME
Personal name Martín Oviedo, José María,
Relator term traductor
9 (RLIN) 5642
942 ## - ADDED ENTRY ELEMENTS (KOHA)
Source of classification or shelving scheme Dewey Decimal Classification
Koha item type Books
Existencias
Withdrawn status Lost status Source of classification or shelving scheme Materials specified (bound volume or other part) Damaged status Not for loan Home library Current library Shelving location Date acquired Source of acquisition Cost, normal purchase price Total Checkouts Full call number Barcode Date last seen Copy number Price effective from Koha item type
    Dewey Decimal Classification Donación--15/04/2018--     Biblioteca Pública José María del Castillo y Rada Biblioteca Pública José María del Castillo y Rada General Stacks 11/28/2019 Donación 0.00   330.126 / N285p 430002026 05/16/2024 Ej.1 11/28/2019 Books